| 000 | 01096nam a2200253Ia 4500 | ||
|---|---|---|---|
| 003 | IN-BaIIA | ||
| 008 | 211028s9999 xx 000 0 eng d | ||
| 020 | _a0-8194-3014-5 | ||
| 040 | _cIIA Library | ||
| 080 |
_a535(082.1) _bSPI-3553 |
||
| 111 |
_aSociety of Photo-Optical Instrumentation Engineers Conference _cChina _d1998 Sept. 18-19 _922457 |
||
| 245 | 0 |
_aDetectors, focal plane arrays, and imaging devices II _bproceedings of the SPIE conference held in Beijing, China,18-19 September 1998 _cedited by Pingzhi Liang, Marc Wigdor and William G. D. Frederick |
|
| 260 |
_aWashington _bThe International Society for Optical Engineering _c1998 |
||
| 300 | _avii, 304p. | ||
| 490 | _aSPIE proceedings series; v. 3553 | ||
| 650 |
_aArrays _915725 |
||
| 650 |
_aDetectors _99465 |
||
| 650 |
_aImaging instruments _911965 |
||
| 700 |
_aFrederick, William G. D., ed. _922458 |
||
| 700 |
_aLiang, Pingzhi, ed. _922459 |
||
| 700 |
_aWigdor, Marc, ed. _922460 |
||
| 710 |
_aThe International Society for Optical Engineering _921262 |
||
| 942 | _cBK | ||
| 999 |
_c12810 _d12810 |
||